00566nam a22001697a 4500003000900000008004100009040007100050082002000121100002600141245007500167260005300242300002500295650003500320650001100355650001400366650001600380AR-CdUCM190304b ||||| |||| 00| 0 spa d aMUNICIPALIDAD PROVINCIAL DEL CUSCOcBIBLIOTECA MUNICIPAL DEL CUSCO a393.8531 /bY38 aYauri Montero, Marcos aLeyendas Ancashinas :bPlantas Alimenticias y Literatura Oral Andina / aLima :bCentro de Proyección Cristiana,c1990. a137 paginas ;c20cm. aCuentos folclóricos peruanos aAncash aLeyendas  aTradiciones